[Event "Let's Play Chess!"]
[Site "http://www.queenalice.com/game.php?id=1058874"]
[Date "2012.5.12"]
[Round "-"]
[White "igorjava"]
[Black "rluiz"]
[Result "1-0"]
[WhiteElo "1953"]
[BlackElo "1165"]

1. e4 e5 2. f4 d5 3. exd5 exf4 4. Nf3 g5 5. h3 Nf6 6. c4 Bf5 7. d3 Bb4+ 8. Nc3
O-O 9. Be2 Bxc3+ 10. bxc3 Re8 11. O-O h6 12. Nd4 Qd7 13. Bf3 Re3 14. Bxe3 fxe3
15. Qe2 Bxh3 16. gxh3 Qxh3 17. Qxe3 Qg3+ 18. Kh1 Nbd7 19. Qf2 Qh3+ 20. Qh2 Qxh2+
21. Kxh2 Ne5 22. Be4 Kg7 23. Nf5+ Kh8 24. Nxh6 Rd8 25. Rxf6 1-0

[Event "AUTO-OPEN-2684"]
[Site "http://www.queenalice.com/game.php?id=1059071"]
[Date "2012.5.13"]
[Round "1"]
[White "paco78"]
[Black "rluiz"]
[Result "1-0"]
[WhiteElo "1908"]
[BlackElo "1084"]

1. d4 d5 2. Nc3 Nf6 3. Bf4 Bf5 4. e3 e6 5. a3 Nc6 6. Nb5 Bd6 7. Nxd6+ cxd6 8.
Bb5 a6 9. Ba4 O-O 10. Bxc6 bxc6 11. Bg5 Be4 12. f3 Bf5 13. g4 h6 14. Bh4 g5 15.
Bg3 Ne8 16. gxf5 exf5 17. Qd3 Ng7 18. O-O-O f6 19. f4 g4 20. h3 h5 21. hxg4 fxg4
22. Qg6 Qd7 23. Rxh5 Qe7 24. Bf2 f5 25. Qh7+ Kf7 26. Rxf5+ Ke8 27. Rg5 Ra7 28.
Rxg4 Rf7 29. Nf3 Ne6 30. Qh5 Qf6 31. Rg8+ Kd7 32. f5 Ng7 33. Qg4 Rf8 34. Rxg7+
Rf7 35. Rxf7+ Qxf7 36. Rh1 Kc7 37. Ng5 Qg8 38. Ne6+ 1-0

[Event "AUTO-OPEN-2684"]
[Site "http://www.queenalice.com/game.php?id=1059072"]
[Date "2012.5.13"]
[Round "1"]
[White "rluiz"]
[Black "paco78"]
[Result "1-0"]
[WhiteElo "1084"]
[BlackElo "1897"]

1. e4 e5 2. Nf3 Nc6 3. Bc4 Bc5 4. Nc3 Qf6 5. d3 h6 6. Be3 Nd4 7. O-O d6 8. Nd5
Qd8 9. h3 g5 10. c3 Ne6 11. b4 Bxe3 12. fxe3 Ne7 13. Nf6+ Kf8 14. Nh5 Nc6 15.
Bxe6 Bxe6 16. b5 Na5 17. c4 b6 18. Nd2 Qd7 19. Nf6 Qe7 20. Nh5 Rd8 21. Qf3 Qd7
22. Qf6 Rh7 23. Rf2 Nb7 24. Qf3 Nc5 25. Nf6 Qe7 26. Raf1 Rg7 27. Qh5 Rg6 28. Ng4
Kg7 29. Rf6 Rf8 30. Rxg6+ fxg6 31. Qxh6+ Kg8 32. Qxg6+ Kh8 33. Nf6 Nxd3 34. Qh6+
Qh7 35. Qxh7# 1-0

[Event "AUTO-OPEN-2684"]
[Site "http://www.queenalice.com/game.php?id=1059091"]
[Date "2012.5.13"]
[Round "1"]
[White "josa23"]
[Black "rluiz"]
[Result "1-0"]
[WhiteElo "1984"]
[BlackElo "1181"]

1. e4 e5 2. Nf3 Nc6 3. Bc4 Qe7 4. d3 Nf6 5. Ng5 d5 6. exd5 Nd4 7. c3 Nf5 8. d6
cxd6 9. Bxf7+ Kd8 10. Bb3 d5 11. O-O h6 12. Nf3 Bd7 13. Re1 Bc6 14. Nbd2 Qc5 15.
Nxe5 Nd6 16. d4 Qa5 17. Qe2 Be8 18. c4 dxc4 19. Ndxc4 Nxc4 20. Nxc4 Bb5 21. Nxa5
Bxe2 22. Rxe2 Rc8 23. Bf4 b6 24. Nb7+ Kd7 25. Be6+ 1-0

[Event "AUTO-OPEN-2684"]
[Site "http://www.queenalice.com/game.php?id=1059092"]
[Date "2012.5.13"]
[Round "1"]
[White "rluiz"]
[Black "josa23"]
[Result "0-1"]
[WhiteElo "1165"]
[BlackElo "1877"]

1. e4 Nc6 2. d4 e6 3. c3 Nf6 4. Bd3 Be7 5. Nf3 d6 6. O-O Bd7 7. h3 O-O 8. Be3 a6
9. Nbd2 h6 10. b3 Rc8 11. a4 Nh7 12. h4 Bxh4 13. g3 Bg5 14. Bxg5 Nxg5 15. e5
dxe5 16. Nxe5 Nxe5 17. dxe5 Bc6 18. Qe2 Qd7 19. f4 Nh7 20. Nf3 Rcd8 21. Nd4 Qd5
22. Be4 Qxe4 23. Rfe1 Qh1+ 24. Kf2 Qg2+ 25. Ke3 Qxg3+ 26. Kd2 Qxf4+ 27. Kc2 Ng5
28. Rf1 Qe4+ 29. Qxe4 Bxe4+ 30. Kb2 c5 31. Ne2 Rd2+ 32. Ka3 Rxe2 33. Rad1 Rc2
0-1

[Event "Challenge"]
[Site "http://www.queenalice.com/game.php?id=1068692"]
[Date "2012.6.6"]
[Round "-"]
[White "MONSTERXADREZ"]
[Black "rluiz"]
[Result "0-1"]
[WhiteElo "1576"]
[BlackElo "1084"]

1. d4 d5 2. Nc3 Nf6 3. Nf3 Nc6 4. g3 Bf5 5. Bg2 Nb4 6. Rb1 Nxc2+ 7. Kf1 Nxd4 8.
Qxd4 Bxb1 9. Nxb1 e6 10. Nc3 c6 11. Qa4 Bd6 12. Bf4 O-O 13. Bxd6 Qxd6 14. h4 Qc5
15. b4 Qxc3 16. Qb3 Qc1+ 17. Ne1 h6 18. Qc2 Qa1 19. h5 Qe5 20. a4 Qf5 21. Bh3
Qe4 22. f3 Qxc2 23. Nxc2 e5 24. Kg2 Rfd8 25. Bf5 d4 26. b5 c5 27. Rb1 Nxh5 28.
b6 a5 29. Rb5 Rd5 30. g4 Nf4+ 31. Kf2 Nh3+ 32. Kg3 Ng5 33. f4 exf4+ 34. Kxf4
Ne6+ 35. Ke4 Rdd8 36. e3 d3 37. Na1 d2 38. Rb1 d1=Q 39. Rxd1 Rxd1 40. Nb3 c4 41.
Nd4 Re8 42. Nb5 Ra1 43. Nc7 Nxc7+ 44. Kd4 Rxa4 45. Bd7 Nb5+ 46. Bxb5 Rd8+ 47.
Kc5 Rb4 48. Bxc4 Rc8+ 49. Kd4 Rcxc4+ 50. Kd5 a4 51. Kd6 a3 52. Kd7 Rxb6 53. Kd8
Rd6+ 54. Ke7 Ra6 55. g5 hxg5 56. Kd8 b5 57. Kd7 b4 58. e4 Rd4+ 59. Kc7 Rxe4 60.
Kb7 Ree6 61. Kc7 Ra7+ 0-1

[Event "Challenge"]
[Site "http://www.queenalice.com/game.php?id=1068764"]
[Date "2012.6.6"]
[Round "-"]
[White "MONSTERXADREZ"]
[Black "rluiz"]
[Result "0-1"]
[WhiteElo "1501"]
[BlackElo "1084"]

1. d4 d5 2. Nf3 Nc6 3. g3 Bg4 4. Bg2 Qd7 5. h3 Bxf3 6. Bxf3 Nf6 7. O-O O-O-O 8.
a4 e5 9. dxe5 Nxe5 10. Bg2 c6 11. Nc3 h6 12. a5 a6 13. f4 Ne8 14. fxe5 Bc5+ 15.
Kh1 Qe6 16. Bf4 g5 17. Bd2 Rh7 18. h4 Qxe5 19. Bh3+ f5 20. g4 f4 21. h5 Nf6 22.
e3 Bxe3 23. Qe1 Re8 24. Qe2 d4 25. Nd1 Qe4+ 26. Kh2 Qxc2 27. Rc1 Qb3 28. Bxe3
dxe3 29. Rc3 Qd5 30. Bg2 Qxa5 31. Qd3 Qc7 32. Bf3 Ree7 33. Qd4 e2 34. Bxe2 f3+
35. Kg1 Qg3+ 36. Kh1 Qg2# 0-1

[Event "AUTO-OPEN-2712"]
[Site "http://www.queenalice.com/game.php?id=1071490"]
[Date "2012.6.13"]
[Round "1"]
[White "Krummenauer"]
[Black "rluiz"]
[Result "1-0"]
[WhiteElo "2026"]
[BlackElo "1165"]

1. d4 d5 2. c4 Bf5 3. cxd5 Qxd5 4. Nc3 Nc6 5. Nxd5 O-O-O 6. Nxc7 Kxc7 7. Bf4+ e5
8. Bd2 Rxd4 9. Nf3 Rd5 10. a3 Bd6 11. Ba5+ 1-0

[Event "AUTO-OPEN-2712"]
[Site "http://www.queenalice.com/game.php?id=1071491"]
[Date "2012.6.13"]
[Round "1"]
[White "rluiz"]
[Black "Krummenauer"]
[Result "0-1"]
[WhiteElo "1165"]
[BlackElo "2060"]

1. e4 e5 2. Bc4 Bc5 3. Nh3 Nf6 4. Ng5 O-O 5. O-O d5 6. exd5 Nxd5 7. d3 Nf6 8. c3
h6 9. Ne4 Nxe4 10. dxe4 Nc6 11. Nd2 Qh4 12. h3 Qg5 13. Nf3 Qg6 14. Qe2 Bxh3 15.
Nh4 Qg4 0-1

[Event "AUTO-OPEN-2712"]
[Site "http://www.queenalice.com/game.php?id=1071512"]
[Date "2012.6.13"]
[Round "1"]
[White "marcomasao"]
[Black "rluiz"]
[Result "1-0"]
[WhiteElo "1493"]
[BlackElo "1084"]

1. e4 e5 2. Bc4 Nh6 3. Nf3 Nc6 4. a3 Bc5 5. d3 Ng4 6. Be3 Bxe3 7. fxe3 Nxe3 8.
Qd2 Ng4 9. Ng5 Qf6 10. Nxf7 Rf8 11. Rf1 Qe7 12. h3 Nf6 13. Ng5 h6 14. Nf7 a6 15.
Nc3 Nh5 16. Nd5 d6 17. Nxe7 Nxe7 18. Qf2 Ng6 19. Qh4 Nxh4 20. Rf2 b5 21. g3 Nxg3
22. Kd2 Bxh3 23. Rg1 Nh5 24. Bd5 Rc8 25. Rh1 Nf4 26. d4 c6 27. Nxd6+ Kd8 28.
Nxc8 Kxc8 29. Bxc6 exd4 30. Rg1 g5 31. Bd5 Re8 32. Bc6 Rxe4 33. Bxe4 Kc7 34. Re1
Kd6 35. Bb7 a5 36. Re8 Bd7 37. Rh8 Nf5 38. b3 d3 39. cxd3 Kc5 40. Rh7 Be6 41.
Rc7+ Kb6 42. Rh7 Bxb3 43. Be4 Be6 44. Bxf5 Bxf5 45. Rxh6+ Bg6 46. Rf3 Kc5 47.
Rg3 b4 48. Rxg5+ Kd4 49. Rh4 1-0

[Event "AUTO-OPEN-2712"]
[Site "http://www.queenalice.com/game.php?id=1071513"]
[Date "2012.6.13"]
[Round "1"]
[White "rluiz"]
[Black "marcomasao"]
[Result "0-1"]
[WhiteElo "1100"]
[BlackElo "1484"]

1. e4 e5 2. Nf3 Bc5 3. Nxe5 Nf6 4. Qe2 Qe7 5. f4 d6 6. Nc4 Ng4 7. g3 Bf2+ 8. Kd1
Bc5 9. h3 Nf2+ 10. Ke1 Nxh1 11. Qf3 Nf2 12. d3 Bxh3 13. Bxh3 Nxh3 14. Be3 Nc6
15. a3 Kf8 16. Nc3 b5 17. Nxb5 a6 18. Nc3 f6 19. g4 Ng1 20. Qg3 Bxe3 21. Qxe3
Nh3 22. Qxh3 Nd4 23. Ne3 Rb8 24. b4 Rc8 25. g5 Qe8 26. Qh4 Nf3+ 27. Kf2 Nxh4 28.
Rh1 fxg5 29. Ncd5 Qd8 30. f5 c6 31. Nb6 Qxb6 32. Kg3 Qxe3+ 33. Kg4 Qf3+ 34. Kxg5
Qxh1 35. Kg4 h5+ 36. Kg5 Qg1+ 37. Kxh4 Qg4# 0-1

[Event "AUTO-OPEN-2712"]
[Site "http://www.queenalice.com/game.php?id=1071526"]
[Date "2012.6.13"]
[Round "1"]
[White "rluiz"]
[Black "elson09"]
[Result "0-1"]
[WhiteElo "1096"]
[BlackElo "1435"]

1. e4 Nf6 2. e5 Ne4 3. Nh3 c5 4. Bc4 Nc6 5. Bd5 Nd4 6. d3 Qa5+ 7. Bd2 Qa6 8.
Bxe4 f6 9. f4 fxe5 10. f5 c4 11. Qh5+ g6 12. Qg5 Nxc2+ 13. Kd1 Nxa1 14. f6 Qa4+
15. Kc1 cxd3 16. Nc3 Qc2# 0-1

[Event "AUTO-OPEN-2712"]
[Site "http://www.queenalice.com/game.php?id=1071527"]
[Date "2012.6.13"]
[Round "1"]
[White "elson09"]
[Black "rluiz"]
[Result "0-1"]
[WhiteElo "1392"]
[BlackElo "1084"]

1. e4 e5 2. Nf3 Nf6 3. Nc3 c6 4. d3 Bc5 5. Nxe5 Qe7 6. f4 d6 7. Nc4 b5 8. Ne3 g6
9. a4 b4 10. Ne2 O-O 11. f5 Qe5 12. fxg6 fxg6 13. Nc4 Qh5 14. Nf4 Qh6 15. Nxd6
Bxd6 16. Ne6 Bxe6 17. Bxh6 Rc8 18. Qf3 Nbd7 19. h4 Rab8 20. Rd1 Ng4 21. Rh3 Nge5
22. Qg3 Nf7 23. Bf4 b3 24. Bxd6 bxc2 25. Bxb8 Bb3 26. Be2 Rxb8 0-1

[Event "Challenge"]
[Site "http://www.queenalice.com/game.php?id=1076925"]
[Date "2012.6.27"]
[Round "-"]
[White "rluiz"]
[Black "MONSTERXADREZ"]
[Result "1-0"]
[WhiteElo "1131"]
[BlackElo "1528"]

1. e4 d6 2. d4 Be6 3. d5 Bd7 4. Nc3 c6 5. Bc4 e6 6. Qe2 b5 7. Bb3 b4 8. Na4 e5
9. Nf3 cxd5 10. exd5 Be7 11. O-O a5 12. h3 Nf6 13. Bg5 Nxd5 14. Bxd5 Bxg5 15.
Bxa8 Nc6 16. Qa6 Bc8 17. Bxc6+ Kf8 18. Qa8 Qc7 19. Nxg5 h6 20. Ne4 g6 21. Rfd1
Kg7 22. Nxd6 Bd7 23. Qb7 Qxb7 24. Bxb7 Bxa4 25. b3 Bd7 26. Be4 f5 27. Bxf5 gxf5
28. Nc4 Bc6 29. Nxe5 Be4 30. Rd7+ Kg8 31. Rd8+ Kg7 32. Rxh8 Kxh8 33. Re1 Bxc2
34. Ng6+ Kg7 35. Nf4 Kf6 36. Rc1 Be4 37. f3 Bc6 38. Rxc6+ Kg5 39. g3 h5 40. h4#
1-0

[Event "Let's Play Chess!"]
[Site "http://www.queenalice.com/game.php?id=1077589"]
[Date "2012.6.29"]
[Round "-"]
[White "skorpion"]
[Black "rluiz"]
[Result "1-0"]
[WhiteElo "2763"]
[BlackElo "1084"]

1. e4 e5 2. f4 d6 3. Nf3 Nc6 4. Bc4 Be6 5. Bxe6 fxe6 6. d3 exf4 7. Bxf4 e5 8.
Be3 h6 9. O-O g5 10. Nh4 gxh4 11. Qh5+ Kd7 12. Qf5+ Ke8 13. Qf7# 1-0

[Event "Let's Play Chess!"]
[Site "http://www.queenalice.com/game.php?id=1077591"]
[Date "2012.6.29"]
[Round "-"]
[White "rluiz"]
[Black "skorpion"]
[Result "0-1"]
[WhiteElo "1084"]
[BlackElo "2765"]

1. e4 d6 2. d4 Nf6 3. Nc3 g6 4. Nf3 Bg7 5. Bc4 O-O 6. Bf4 c6 7. d5 b5 8. Bb3 b4
9. Ne2 Nxe4 10. dxc6 Bxb2 11. Rb1 Bc3+ 12. Bd2 Nxd2 13. Nxd2 Bg7 14. O-O Nxc6
15. Nf4 a5 16. Ne4 Nd4 17. Nd5 e6 18. Qxd4 Bxd4 0-1

[Event "Let's Play Chess!"]
[Site "http://www.queenalice.com/game.php?id=1077624"]
[Date "2012.6.29"]
[Round "-"]
[White "rluiz"]
[Black "Burkina_Fasso"]
[Result "0-1"]
[WhiteElo "1084"]
[BlackElo "2110"]

1. e4 e5 2. Nf3 Nf6 3. Nc3 Nc6 4. Bc4 Bc5 5. d3 d6 6. Nd5 Nxd5 7. Bxd5 O-O 8.
Ng5 Qf6 9. Bxf7+ Rxf7 10. Nxf7 Qxf2# 0-1

[Event "Let's Play Chess!"]
[Site "http://www.queenalice.com/game.php?id=1077626"]
[Date "2012.6.29"]
[Round "-"]
[White "spawnwolfwolverine"]
[Black "rluiz"]
[Result "1-0"]
[WhiteElo "1728"]
[BlackElo "1181"]

1. d4 d5 2. e3 Bf5 3. Nf3 Nc6 4. Bb5 Qd7 5. O-O a6 6. Bxc6 Qxc6 7. Nc3 h6 8. Ne5
Qe6 9. b3 g6 10. f3 Qf6 11. g4 Be6 12. e4 Qh4 13. Qe2 Nf6 14. exd5 Bxd5 15. Nxd5
Nxd5 16. Ba3 f6 17. Nxg6 1-0

[Event "Let's Play Chess!"]
[Site "http://www.queenalice.com/game.php?id=1077627"]
[Date "2012.6.29"]
[Round "-"]
[White "spawnwolfwolverine"]
[Black "rluiz"]
[Result "1-0"]
[WhiteElo "1730"]
[BlackElo "1181"]

1. e3 e5 2. d3 d5 3. g3 Nf6 4. Bg2 c6 5. Nc3 Bb4 6. Bd2 Be6 7. Nf3 Qe7 8. O-O
Bg4 9. a3 Bd6 10. b4 e4 11. dxe4 dxe4 12. Nxe4 Nxe4 13. c4 Nd7 14. Rc1 O-O 15.
c5 1-0

[Event "Challenge"]
[Site "http://www.queenalice.com/game.php?id=1078224"]
[Date "2012.7.1"]
[Round "-"]
[White "rluiz"]
[Black "adelio"]
[Result "0-1"]
[WhiteElo "1181"]
[BlackElo "1754"]

1. e4 e5 2. Nf3 d5 3. d4 dxe4 4. Nxe5 f6 5. Nc4 b5 6. Ne3 a6 7. Nc3 Bb7 8. Be2
g6 9. O-O c6 10. Nxe4 c5 11. dxc5 Qxd1 12. Rxd1 Bxe4 13. Bf3 Bxf3 14. gxf3 Bxc5
15. Nd5 Ra7 16. Re1+ Ne7 17. Nxf6+ Kf7 18. Bg5 h6 19. f4 hxg5 20. fxg5 Nbc6 21.
c3 Nf5 22. Rad1 Nce7 23. Ne4 Rc7 24. b4 Bb6 25. Nd6+ Nxd6 26. Rxd6 Bxf2+ 27.
Kxf2 Rxc3 28. Rd7 Re8 29. Rd6 Rc7 30. Rf6+ Kg7 31. h4 Rc2+ 32. Re2 Rxe2+ 33.
Kxe2 Nd5+ 34. Kd3 Nxf6 0-1